00443nam a2200181 a 4500001001300000003000900013005001700022008004100039020001000080082001300090100001900103245001500122260005000137300000800187500003500195650001200230700001900242nice12345678IN_TiNIC20260116014618.0070312s2000 boma grd 000 0 eng  ac10000a823bSAM aSamoudi, Jehad aMohahideen aBombay bShethia Audio Vidio Pvt. Ltd. c2000 a00p aincludes index and biblioraphy aFiction1 aSamoudi, Jehad